000 00640nam a2200217Ii 4500
003 JO-AjNU
008 230606s9999||||xx |||||||||||||| ||und||
020 _a0-09-174213-7
040 _aJO-AjNU
_beng
_erda
_cJO-AjNU
041 _aeng
050 1 4 _aHG4636 1989
100 3 _aBrett,Michael,
_eauthor
_93265
245 0 0 _aHow to Read the Financial Pages
250 _a2 ed
264 3 1 _aLondon: Hutchinson Business Books, 1989
300 _a295p
_bIncludes glossary indexes(p259-295)
336 _atext
_btxt
_2rdacontent
337 _aunmediated
_bn
_2rdamedia
338 _avolume
_bnc
_2rdacarrier
650 4 _aFinancial Pages
_93266
999 _aE1708
_c1708
_d1708